Pastures in vanuatu
Tallennettuna:
| Päätekijä: | |
|---|---|
| Aineistotyyppi: | Kirja |
| Kieli: | Undetermined |
| Julkaistu: |
Lucia, Au.
Department of agriculture university of Queensland
1982
|
| Aiheet: | |
| Tagit: |
Lisää tagi
Ei tageja, Lisää ensimmäinen tagi!
|
| Thư viện lưu trữ: | Trung tâm Học liệu Trường Đại học Cần Thơ |
|---|
| LEADER | 00581nam a2200193Ia 4500 | ||
|---|---|---|---|
| 001 | CTU_126030 | ||
| 008 | 210402s9999 xx 000 0 und d | ||
| 082 | |a 636.086 | ||
| 082 | |b M143 | ||
| 100 | |a Macfarlane, David | ||
| 245 | 0 | |a Pastures in vanuatu | |
| 245 | 0 | |c David Macfarlane, Max Shelton | |
| 260 | |a Lucia, Au. | ||
| 260 | |b Department of agriculture university of Queensland | ||
| 260 | |c 1982 | ||
| 650 | |a Pastures | ||
| 650 | |x Research,Nghiên cứu động vật ăn cỏ | ||
| 904 | |i Hiếu | ||
| 980 | |a Trung tâm Học liệu Trường Đại học Cần Thơ | ||